000 00423nam a2200181Ia 4500
005 20250603144721.0
008 250603s9999 xx 000 0 und d
020 _a9783702408
050 _aHC 1055 .C46/
100 _aCentral bank of Nigeria
245 0 _aContemporary economic policy issues in Nigeria
260 _aAbuja
260 _bCBN
260 _c2003
300 _a375 p
650 _aAbuja
942 _cBK
999 _c39744
_d39744